| 000 | 004750000a22001930004500 | ||
|---|---|---|---|
| 001 | 000653 | ||
| 003 | MACL | ||
| 005 | 20151025104626.0 | ||
| 008 | 151025b xxu||||| |||| 00| 0 eng d | ||
| 040 |
_aMACL _cMACL |
||
| 041 | _aEnglish | ||
| 082 | _a953/MUR | ||
| 100 |
_aRao, Sreenivasa (Translator) _916542 |
||
| 245 |
_aBharathipura _cSreenivasa (Translator) Rao |
||
| 260 |
_aMadras _c1996 _bMacmillan, |
||
| 350 | _a115 | ||
| 650 |
_aHistory _916543 |
||
| 942 |
_k953 _cBK _2ddc |
||
| 999 |
_c653 _d653 |
||